| 000 | 00603cam a2200193 4500 | ||
|---|---|---|---|
| 001 | 4452 | ||
| 005 | 20181127173425.0 | ||
| 008 | 050802s2005 nyub 000 1 eng | ||
| 010 | _a 2005053034 | ||
| 020 | _a0553801503 | ||
| 100 |
_aMartin, George R. R. _b _c _d _e _q |
||
| 245 | 1 | 2 |
_aA feast for crows / _cGeorge R.R. Martin. |
| 260 |
_aLondon : _bHarper, _c2014. |
||
| 300 |
_a936 p. ; _bmaps _c22 cm. |
||
| 490 | 1 |
_aA song of ice and fire ; _vbk. 4 |
|
| 500 | _a""A Bantam Spectra book""--T.p. verso. | ||
| 655 | 7 |
_aFantasy fiction. _2gsafd |
|
| 800 | 1 |
_aMartin, George R. R. _tSong of ice and fire ; _vbk. 4. |
|
| 999 |
_c3686 _d3686 |
||